000 00796nam a2200253Ia 4500
003 OSt
005 20220918170839.0
006 a|||||r|||| 00| 0
007 ta
008 220917b |||||||| |||| 00| 0 eng d
020 _a9780745334073 (pbk)
_c1929
024 _a286,630
037 _b672, 01/12/2015, Selectbook Service Syndicate
_cTextual
040 _aARTS
_cARTS
_beng
041 _2eng
_aeng
082 _aV698:51.P1, Q3
100 _aWilson Amrit
_931665
245 0 _aThreat of liberation
_b Imperialism and revolution in zanzibar
260 _aLondon
_bPluto Press UK
_c2013
300 _axii, 175p.
_ccm.
650 _aHISTORY
942 _hV698:51.P1, Q3
_cTEXL
_2CC
999 _c136208
_d136208